[Event "Greek Team Championship"]
[Site "chess24.com"]
[Date "2017.07.07"]
[Round "6"]
[White "Panagiotakopoulos, Gerasimos"]
[Black "Pavlidis, Anastasios"]
[Result "1/2-1/2"]
[Board "2"]
[WhiteElo "2223"]
[WhiteCountry "GRE"]
[WhiteFideId "4210778"]
[WhiteEloChange "5"]
[BlackElo "2398"]
[BlackTitle "IM"]
[BlackCountry "GRE"]
[BlackFideId "4208404"]
[BlackEloChange "-5"]

1. e4 {[%clk 1:30:41]} d5 {[%clk 1:30:30]} 2. exd5 {[%clk 1:31:03]} Qxd5 {[%clk
1:30:52]} 3. Nc3 {[%clk 1:31:26]} Qd6 {[%clk 1:31:05]} 4. g3 {[%clk 1:27:05]} c6
{[%clk 1:30:33]} 5. Bg2 {[%clk 1:27:27]} Nf6 {[%clk 1:17:51]} 6. Nge2 {[%clk
1:26:47]} Bf5 {[%clk 1:17:46]} 7. O-O {[%clk 1:26:10]} e6 {[%clk 1:17:59]} 8. d3
{[%clk 1:25:50]} Be7 {[%clk 1:17:29]} 9. b4 {[%clk 1:13:05]} O-O {[%clk 1:12:33]}
10. Rb1 {[%clk 1:11:55]} a6 {[%clk 1:10:32]} 11. a4 {[%clk 1:09:43]} Nd5 {[%clk
1:09:36]} 12. Ne4 {[%clk 1:00:13]} Qd8 {[%clk 1:04:16]} 13. Bd2 {[%clk 0:59:01]}
b5 {[%clk 1:00:03]} 14. a5 {[%clk 0:49:15]} Ra7 {[%clk 0:54:58]} 15. Qc1 {[%clk
0:38:13]} Rd7 {[%clk 0:52:20]} 16. Qb2 {[%clk 0:28:54]} Bxe4 {[%clk 0:45:29]} 17.
Bxe4 {[%clk 0:24:09]} c5 {[%clk 0:45:29]} 18. bxc5 {[%clk 0:23:23]} Bxc5 {[%clk
0:42:42]} 19. Nf4 {[%clk 0:20:44]} Nxf4 {[%clk 0:36:53]} 20. Bxf4 {[%clk
0:19:51]} Qxa5 {[%clk 0:36:56]} 21. c4 {[%clk 0:17:42]} Bd4 {[%clk 0:34:58]} 22.
Qb3 {[%clk 0:17:18]} e5 {[%clk 0:30:49]} 23. Be3 {[%clk 0:15:17]} bxc4 {[%clk
0:29:08]} 24. dxc4 {[%clk 0:15:17]} Rdd8 {[%clk 0:28:17]} 25. Bd5 {[%clk
0:14:27]} Nd7 {[%clk 0:27:48]} 26. Bxd4 {[%clk 0:12:49]} exd4 {[%clk 0:27:38]}
27. Ra1 {[%clk 0:02:58]} Qb6 {[%clk 0:26:57]} 28. Qxb6 {[%clk 0:03:23]} Nxb6
{[%clk 0:27:21]} 29. Rxa6 {[%clk 0:03:52]} Nxd5 {[%clk 0:27:43]} 30. cxd5 {[%clk
0:04:20]} Rxd5 {[%clk 0:27:59]} 31. Rd1 {[%clk 0:03:50]} f5 {[%clk 0:25:17]} 32.
Ra3 {[%clk 0:02:00]} Rfd8 {[%clk 0:25:06]} 33. h4 {[%clk 0:01:36]} Kf7 {[%clk
0:25:09]} 34. Kg2 {[%clk 0:01:56]} h6 {[%clk 0:24:00]} 35. Kf3 {[%clk 0:02:00]}
d3 {[%clk 0:22:37]} 36. Rd2 {[%clk 0:02:21]} g5 {[%clk 0:22:54]} 37. hxg5 {[%clk
0:02:44]} hxg5 {[%clk 0:23:20]} 38. g4 {[%clk 0:01:25]} f4 {[%clk 0:18:51]} 39.
Ke4 {[%clk 0:01:41]} Rd4+ {[%clk 0:19:17]} 40. Kf3 {[%clk 0:32:04]} R8d5 {[%clk
0:49:21]} 41. Kg2 {[%clk 0:08:26]} Ke6 {[%clk 0:48:56]} 42. Rd1 {[%clk 0:04:54]}
Kd6 {[%clk 0:42:53]} 43. Rc3 {[%clk 0:05:22]} Ke5 {[%clk 0:40:04]} 44. Rd2 {[%clk
0:03:04]} Ke4 {[%clk 0:37:52]} 45. Rc8 {[%clk 0:03:18]} Rb4 {[%clk 0:37:09]} 46.
Rc3 {[%clk 0:03:11]} Rb1 {[%clk 0:36:48]} 47. Rc4+ {[%clk 0:03:18]} Rd4 {[%clk
0:37:06]} 48. Rc8 {[%clk 0:02:38]} f3+ {[%clk 0:35:46]} 49. Kh3 {[%clk 0:02:06]}
Rh1+ {[%clk 0:35:59]} 50. Kg3 {[%clk 0:02:34]} Rg1+ {[%clk 0:36:23]} 51. Kh2
{[%clk 0:02:16]} Rxg4 {[%clk 0:33:51]} 52. Re8+ {[%clk 0:02:27]} Kd5 {[%clk
0:34:06]} 53. Rd8+ {[%clk 0:01:46]} Ke6 {[%clk 0:32:40]} 54. Re8+ {[%clk
0:01:12]} Kd7 {[%clk 0:32:47]} 55. Rh8 {[%clk 0:01:37]} Kc7 {[%clk 0:32:16]} 56.
Kh3 {[%clk 0:01:36]} Rg2 {[%clk 0:32:30]} 57. Rc2+ {[%clk 0:01:19]} dxc2 {[%clk
0:19:31]} 58. Rc8+ {[%clk 0:01:41]} Kd6 {[%clk 0:19:53]} 59. Rc6+ {[%clk
0:02:08]} Ke5 {[%clk 0:20:09]} 60. Re6+ {[%clk 0:01:10]} Kd5 {[%clk 0:20:32]} 61.
Rd6+ {[%clk 0:01:17]} Kc4 {[%clk 0:19:16]} 62. Rxd4+ {[%clk 0:01:31]} Kc3 {[%clk
0:19:31]} 63. Rd3+ {[%clk 0:00:43]} Kb2 {[%clk 0:19:37]} 64. Rb3+ {[%clk
0:01:09]} Kc1 {[%clk 0:20:03]} 65. Rb1+ {[%clk 0:01:36]} Kd2 {[%clk 0:20:29]} 66.
Rd1+ {[%clk 0:01:58]} Ke2 {[%clk 0:20:54]} 67. Re1+ {[%clk 0:02:17]} Kd3 {[%clk
0:20:34]} 68. Rd1+ {[%clk 0:02:10]} Ke2 {[%clk 0:19:03]} 69. Re1+ {[%clk
0:02:36]} Kxf2 {[%clk 0:19:25]} 70. Re2+ {[%clk 0:03:02]} Kg1 {[%clk 0:19:39]}
71. Re1+ {[%clk 0:03:26]} Kf2 {[%clk 0:20:05]} 72. Re2+ {[%clk 0:03:26]} 1/2-1/2

[Event "Greek Team Championship"]
[Site "chess24.com"]
[Date "2017.07.07"]
[Round "6"]
[White "Kouvatsos, Filippos"]
[Black "Zenelis, Konstantinos"]
[Result "1/2-1/2"]
[Board "3"]
[WhiteElo "2186"]
[WhiteCountry "GRE"]
[WhiteFideId "4205561"]
[WhiteEloChange "-4"]
[BlackElo "2031"]
[BlackCountry "GRE"]
[BlackFideId "4204107"]
[BlackEloChange "4"]

1. d4 {[%clk 1:30:58]} d5 {[%clk 1:30:53]} 2. c4 {[%clk 1:31:19]} c6 {[%clk
1:30:56]} 3. Nf3 {[%clk 1:31:41]} Nf6 {[%clk 1:31:03]} 4. Nbd2 {[%clk 1:32:04]}
Bf5 {[%clk 1:13:42]} 5. g3 {[%clk 1:32:28]} e6 {[%clk 1:13:27]} 6. Bg2 {[%clk
1:32:51]} Nbd7 {[%clk 1:13:04]} 7. O-O {[%clk 1:32:59]} Bd6 {[%clk 1:10:19]} 8.
Nh4 {[%clk 1:30:16]} Bg4 {[%clk 1:01:25]} 9. Re1 {[%clk 1:25:59]} O-O {[%clk
0:56:51]} 10. Qc2 {[%clk 1:23:04]} Bb4 {[%clk 0:52:38]} 11. a3 {[%clk 1:20:48]}
Ba5 {[%clk 0:45:40]} 12. b4 {[%clk 1:20:06]} Bc7 {[%clk 0:46:05]} 13. e4 {[%clk
1:19:26]} dxc4 {[%clk 0:38:09]} 14. Nxc4 {[%clk 1:17:32]} Nb6 {[%clk 0:36:36]}
15. Ne3 {[%clk 1:15:01]} Bh5 {[%clk 0:35:59]} 16. Bb2 {[%clk 1:14:31]} Bg6 {[%clk
0:31:52]} 17. Nxg6 {[%clk 1:11:29]} hxg6 {[%clk 0:32:15]} 18. Rac1 {[%clk
1:04:47]} Rc8 {[%clk 0:32:24]} 19. Qb3 {[%clk 1:02:56]} Re8 {[%clk 0:30:03]} 20.
Red1 {[%clk 1:01:09]} Qe7 {[%clk 0:27:19]} 21. a4 {[%clk 1:00:28]} e5 {[%clk
0:17:54]} 22. d5 {[%clk 0:53:57]} Bd6 {[%clk 0:16:23]} 23. a5 {[%clk 0:51:54]}
Nbd7 {[%clk 0:16:48]} 24. Nc4 {[%clk 0:50:32]} c5 {[%clk 0:14:40]} 25. Ba3 {[%clk
0:45:53]} b6 {[%clk 0:11:26]} 26. axb6 {[%clk 0:43:10]} axb6 {[%clk 0:11:50]} 27.
Nxb6 {[%clk 0:30:20]} Rb8 {[%clk 0:05:24]} 28. Nxd7 {[%clk 0:21:43]} Nxd7 {[%clk
0:05:35]} 29. b5 {[%clk 0:20:40]} Nb6 {[%clk 0:04:07]} 30. Bf1 {[%clk 0:17:25]}
Ra8 {[%clk 0:03:12]} 31. Bb2 {[%clk 0:16:18]} Ra4 {[%clk 0:03:29]} 32. f3 {[%clk
0:15:52]} Rea8 {[%clk 0:03:41]} 33. Ra1 {[%clk 0:13:46]} Qa7 {[%clk 0:02:25]} 34.
Rxa4 {[%clk 0:11:41]} Qxa4 {[%clk 0:02:53]} 35. Qxa4 {[%clk 0:10:23]} Rxa4 {[%clk
0:03:22]} 36. Ra1 {[%clk 0:10:16]} c4 {[%clk 0:03:41]} 37. Rxa4 {[%clk 0:09:30]}
Nxa4 {[%clk 0:04:09]} 38. Bc1 {[%clk 0:09:48]} Bc5+ {[%clk 0:04:31]} 39. Kg2
{[%clk 0:09:57]} c3 {[%clk 0:03:53]} 40. f4 {[%clk 0:38:17]} f6 {[%clk 0:32:58]}
41. Bd3 {[%clk 0:33:42]} Kf8 {[%clk 0:32:59]} 42. Kf3 {[%clk 0:28:10]} Ke7 {[%clk
0:29:22]} 43. fxe5 {[%clk 0:27:21]} fxe5 {[%clk 0:29:45]} 44. h4 {[%clk 0:27:36]}
Nb2 {[%clk 0:23:06]} 45. Bc2 {[%clk 0:25:55]} Nc4 {[%clk 0:21:04]} 46. Ke2 {[%clk
0:25:06]} Bb4 {[%clk 0:18:59]} 47. Bd3 {[%clk 0:21:24]} Nd2 {[%clk 0:16:26]} 48.
b6 {[%clk 0:20:47]} Kd7 {[%clk 0:13:02]} 49. Bb5+ {[%clk 0:20:40]} Kc8 {[%clk
0:11:06]} 50. Kd3 {[%clk 0:19:13]} Kb7 {[%clk 0:11:31]} 51. Be8 {[%clk 0:18:36]}
g5 {[%clk 0:09:32]} 52. hxg5 {[%clk 0:10:29]} Kxb6 {[%clk 0:09:04]} 53. Bxd2
{[%clk 0:04:31]} cxd2 {[%clk 0:09:27]} 54. Bh5 {[%clk 0:04:29]} Kc5 {[%clk
0:09:17]} 55. Bd1 {[%clk 0:04:47]} Ba5 {[%clk 0:09:40]} 56. Bg4 {[%clk 0:04:23]}
Bb4 {[%clk 0:09:57]} 57. Bd1 {[%clk 0:04:43]} Ba5 {[%clk 0:10:24]} 58. Bg4 {[%clk
0:05:08]} Bb4 {[%clk 0:10:51]} 59. Bd1 {[%clk 0:05:08]} 1/2-1/2

[Event "Greek Team Championship"]
[Site "chess24.com"]
[Date "2017.07.07"]
[Round "6"]
[White "Kaloskambis, Mihail"]
[Black "Kazakos, Emmanouil"]
[Result "0-1"]
[Board "4"]
[WhiteElo "1824"]
[WhiteCountry "GRE"]
[WhiteFideId "4203569"]
[WhiteEloChange "-3"]
[BlackElo "2117"]
[BlackCountry "GRE"]
[BlackFideId "4216555"]
[BlackEloChange "3"]

1. d4 {[%clk 1:30:19]} Nf6 {[%clk 1:30:56]} 2. c4 {[%clk 1:30:37]} g6 {[%clk
1:31:21]} 3. Nc3 {[%clk 1:30:58]} Bg7 {[%clk 1:31:46]} 4. e4 {[%clk 1:31:04]} d6
{[%clk 1:32:11]} 5. f3 {[%clk 1:31:05]} O-O {[%clk 1:32:33]} 6. Be3 {[%clk
1:31:10]} Nc6 {[%clk 1:31:53]} 7. Rc1 {[%clk 1:29:42]} a6 {[%clk 1:28:57]} 8.
Nge2 {[%clk 1:26:06]} Bd7 {[%clk 1:24:31]} 9. Ng3 {[%clk 1:25:35]} Re8 {[%clk
1:16:44]} 10. Be2 {[%clk 1:24:35]} e5 {[%clk 1:15:32]} 11. d5 {[%clk 1:24:48]}
Nd4 {[%clk 1:15:53]} 12. O-O {[%clk 1:20:31]} h5 {[%clk 1:09:05]} 13. Qd2 {[%clk
1:13:59]} h4 {[%clk 1:02:54]} 14. Nh1 {[%clk 1:14:20]} Nh5 {[%clk 1:03:10]} 15.
g3 {[%clk 1:08:58]} c5 {[%clk 0:57:40]} 16. dxc6 {[%clk 1:07:11]} bxc6 {[%clk
0:58:02]} 17. b3 {[%clk 1:04:33]} Qa5 {[%clk 0:53:33]} 18. Bg5 {[%clk 1:01:28]}
d5 {[%clk 0:42:22]} 19. Bd3 {[%clk 0:54:02]} Qc5 {[%clk 0:36:14]} 20. Be3 {[%clk
0:53:02]} Bh6 {[%clk 0:36:21]} 21. Nd1 {[%clk 0:50:06]} dxe4 {[%clk 0:32:43]} 22.
Bxe4 {[%clk 0:45:31]} f5 {[%clk 0:27:50]} 23. Bb1 {[%clk 0:38:02]} Bxe3+ {[%clk
0:24:50]} 24. Nxe3 {[%clk 0:37:04]} f4 {[%clk 0:25:07]} 25. gxf4 {[%clk 0:30:54]}
exf4 {[%clk 0:23:54]} 26. Qg2 {[%clk 0:30:26]} g5 {[%clk 0:22:02]} 27. b4 {[%clk
0:28:55]} Qe5 {[%clk 0:21:55]} 28. Rcd1 {[%clk 0:27:40]} Qxe3+ {[%clk 0:20:58]}
29. Rf2 {[%clk 0:27:55]} Ng3 {[%clk 0:19:47]} 30. hxg3 {[%clk 0:27:23]} fxg3
{[%clk 0:19:17]} 31. Nxg3 {[%clk 0:27:43]} hxg3 {[%clk 0:19:41]} 32. Rxd4 {[%clk
0:22:27]} Qxd4 {[%clk 0:17:36]} 33. Qxg3 {[%clk 0:21:26]} Re1+ {[%clk 0:17:38]}
34. Kg2 {[%clk 0:20:38]} Rxb1 {[%clk 0:17:56]} 35. f4 {[%clk 0:21:02]} Qe4+
{[%clk 0:17:38]} 0-1

[Event "Greek Team Championship"]
[Site "chess24.com"]
[Date "2017.07.07"]
[Round "6"]
[White "Pavlidou, Ekaterini"]
[Black "Markantonaki, Haritomeni"]
[Result "0-1"]
[Board "5"]
[WhiteElo "2184"]
[WhiteTitle "WIM"]
[WhiteCountry "GRE"]
[WhiteFideId "4213262"]
[WhiteEloChange "-9"]
[BlackElo "2222"]
[BlackTitle "WFM"]
[BlackCountry "GRE"]
[BlackFideId "4207050"]
[BlackEloChange "9"]

1. d4 {[%clk 1:30:23]} Nf6 {[%clk 1:30:46]} 2. Nf3 {[%clk 1:30:28]} e6 {[%clk
1:30:55]} 3. Bg5 {[%clk 1:30:48]} c5 {[%clk 1:29:56]} 4. e3 {[%clk 1:30:23]} b6
{[%clk 1:28:55]} 5. Nbd2 {[%clk 1:30:00]} Bb7 {[%clk 1:28:33]} 6. c3 {[%clk
1:30:02]} Be7 {[%clk 1:28:04]} 7. Bd3 {[%clk 1:27:07]} cxd4 {[%clk 1:26:29]} 8.
exd4 {[%clk 1:26:40]} d6 {[%clk 1:22:54]} 9. h3 {[%clk 1:21:35]} Nbd7 {[%clk
1:21:18]} 10. Qa4 {[%clk 1:16:16]} a6 {[%clk 1:12:05]} 11. Bxf6 {[%clk 1:14:17]}
Bxf6 {[%clk 1:12:19]} 12. O-O {[%clk 1:13:55]} O-O {[%clk 1:10:34]} 13. Rfe1
{[%clk 1:13:36]} Qc7 {[%clk 1:08:56]} 14. Rac1 {[%clk 1:11:23]} Rfe8 {[%clk
1:05:16]} 15. Be4 {[%clk 1:10:56]} Rac8 {[%clk 0:59:35]} 16. Bxb7 {[%clk
1:06:11]} Qxb7 {[%clk 0:59:24]} 17. Ne4 {[%clk 1:06:16]} Be7 {[%clk 0:59:50]} 18.
Qb3 {[%clk 1:05:37]} Nf6 {[%clk 0:55:18]} 19. Nfd2 {[%clk 1:05:12]} Nxe4 {[%clk
0:51:16]} 20. Nxe4 {[%clk 1:04:52]} d5 {[%clk 0:49:50]} 21. Ng3 {[%clk 1:02:23]}
b5 {[%clk 0:48:30]} 22. Nf1 {[%clk 0:59:27]} Bg5 {[%clk 0:44:01]} 23. Rc2 {[%clk
0:56:26]} Rc4 {[%clk 0:42:12]} 24. g3 {[%clk 0:53:16]} Rec8 {[%clk 0:40:21]} 25.
f4 {[%clk 0:52:53]} Be7 {[%clk 0:40:40]} 26. Ne3 {[%clk 0:51:57]} R4c7 {[%clk
0:40:07]} 27. a3 {[%clk 0:47:36]} Bd6 {[%clk 0:33:32]} 28. Rce2 {[%clk 0:44:23]}
a5 {[%clk 0:32:30]} 29. Kh2 {[%clk 0:25:56]} g6 {[%clk 0:27:20]} 30. Ng4 {[%clk
0:22:13]} b4 {[%clk 0:20:32]} 31. cxb4 {[%clk 0:22:29]} axb4 {[%clk 0:19:58]} 32.
a4 {[%clk 0:22:36]} Qa7 {[%clk 0:18:57]} 33. Qe3 {[%clk 0:18:52]} h5 {[%clk
0:12:01]} 34. Nh6+ {[%clk 0:18:39]} Kg7 {[%clk 0:11:52]} 35. f5 {[%clk 0:19:03]}
h4 {[%clk 0:07:12]} 36. f6+ {[%clk 0:17:06]} Kf8 {[%clk 0:05:52]} 37. Kg2 {[%clk
0:14:56]} Bxg3 {[%clk 0:05:11]} 38. Ng4 {[%clk 0:08:43]} Ke8 {[%clk 0:02:57]} 39.
Rd1 {[%clk 0:04:31]} Rc2 {[%clk 0:02:47]} 40. Rdd2 {[%clk 0:34:27]} Rxd2 {[%clk
0:32:34]} 41. Rxd2 {[%clk 0:32:56]} Qxa4 {[%clk 0:31:22]} 42. Qd3 {[%clk
0:29:27]} b3 {[%clk 0:27:32]} 43. Re2 {[%clk 0:26:40]} Rc4 {[%clk 0:24:14]} 44.
Rd2 {[%clk 0:16:12]} Rc2 {[%clk 0:23:23]} 45. Ne3 {[%clk 0:15:52]} Rxd2+ {[%clk
0:22:37]} 46. Qxd2 {[%clk 0:16:21]} Bf4 {[%clk 0:22:46]} 47. Qc3 {[%clk 0:16:27]}
Kd7 {[%clk 0:22:34]} 48. Kf3 {[%clk 0:16:22]} Bxe3 {[%clk 0:21:09]} 49. Kxe3
{[%clk 0:16:01]} Qc4 {[%clk 0:20:58]} 50. Qa5 {[%clk 0:16:14]} Qc1+ {[%clk
0:21:17]} 51. Kd3 {[%clk 0:14:27]} Qc2+ {[%clk 0:21:30]} 52. Ke3 {[%clk 0:14:24]}
Qe4+ {[%clk 0:21:54]} 53. Kf2 {[%clk 0:14:39]} Qxd4+ {[%clk 0:22:19]} 54. Ke1
{[%clk 0:14:07]} Qe3+ {[%clk 0:22:12]} 55. Kd1 {[%clk 0:14:29]} Qd3+ {[%clk
0:22:33]} 56. Ke1 {[%clk 0:14:49]} Qb1+ {[%clk 0:22:56]} 0-1

[Event "Greek Team Championship"]
[Site "chess24.com"]
[Date "2017.07.07"]
[Round "6"]
[White "Kartsidima, Aikaterini"]
[Black "Filoxeni, Danai"]
[Result "1-0"]
[Board "6"]
[WhiteElo "1405"]
[WhiteCountry "GRE"]
[WhiteFideId "25818040"]
[WhiteEloChange "13"]
[BlackElo "1521"]
[BlackCountry "GRE"]
[BlackFideId "4248708"]
[BlackEloChange "-13"]

1. d4 {[%clk 1:30:54]} Nf6 {[%clk 1:30:50]} 2. Nf3 {[%clk 1:30:48]} e6 {[%clk
1:30:10]} 3. e3 {[%clk 1:30:27]} c5 {[%clk 1:30:25]} 4. Bd3 {[%clk 1:30:03]} d5
{[%clk 1:28:30]} 5. c3 {[%clk 1:29:07]} Nbd7 {[%clk 1:28:24]} 6. Nbd2 {[%clk
1:27:05]} b6 {[%clk 1:27:55]} 7. O-O {[%clk 1:25:17]} Bb7 {[%clk 1:28:19]} 8. Re1
{[%clk 1:24:39]} Ne4 {[%clk 1:26:51]} 9. Qc2 {[%clk 1:20:05]} Nxd2 {[%clk
1:03:30]} 10. Qxd2 {[%clk 1:15:23]} Be7 {[%clk 1:02:53]} 11. b3 {[%clk 1:12:08]}
O-O {[%clk 1:03:01]} 12. Bb2 {[%clk 1:09:38]} Rc8 {[%clk 0:59:19]} 13. Qe2 {[%clk
1:04:33]} Nf6 {[%clk 0:57:23]} 14. c4 {[%clk 1:01:15]} Bd6 {[%clk 0:49:05]} 15.
Rac1 {[%clk 0:57:54]} Re8 {[%clk 0:49:10]} 16. Red1 {[%clk 0:56:03]} Qe7 {[%clk
0:48:16]} 17. dxc5 {[%clk 0:45:56]} bxc5 {[%clk 0:46:02]} 18. Ne5 {[%clk
0:41:25]} Nd7 {[%clk 0:44:41]} 19. Nxd7 {[%clk 0:40:50]} Qxd7 {[%clk 0:45:05]}
20. cxd5 {[%clk 0:38:52]} exd5 {[%clk 0:40:21]} 21. Qh5 {[%clk 0:32:29]} g6
{[%clk 0:38:08]} 22. Qg5 {[%clk 0:31:48]} Qe6 {[%clk 0:35:48]} 23. Bb5 {[%clk
0:30:07]} Re7 {[%clk 0:34:01]} 24. Be2 {[%clk 0:24:35]} Be5 {[%clk 0:26:32]} 25.
Bxe5 {[%clk 0:24:27]} Qxe5 {[%clk 0:26:54]} 26. Qxe5 {[%clk 0:24:49]} Rxe5 {[%clk
0:27:18]} 27. Bf3 {[%clk 0:24:14]} Kf8 {[%clk 0:24:27]} 28. Kf1 {[%clk 0:21:10]}
Ke7 {[%clk 0:20:21]} 29. Ke1 {[%clk 0:17:00]} Rc7 {[%clk 0:18:36]} 30. Kd2 {[%clk
0:16:02]} f5 {[%clk 0:13:45]} 31. Kc2 {[%clk 0:13:35]} Kf6 {[%clk 0:13:23]} 32.
h4 {[%clk 0:13:08]} h6 {[%clk 0:11:32]} 33. g3 {[%clk 0:12:40]} Rd7 {[%clk
0:06:00]} 34. Kb2 {[%clk 0:11:10]} Rc7 {[%clk 0:05:56]} 35. Ka3 {[%clk 0:09:37]}
a6 {[%clk 0:00:42]} 36. Ka4 {[%clk 0:08:47]} Ke7 {[%clk 0:00:35]} 37. Ka5 {[%clk
0:07:22]} Kd6 {[%clk 0:00:33]} 38. Be2 {[%clk 0:05:52]} Re8 {[%clk 0:00:35]} 39.
b4 {[%clk 0:03:56]} c4 {[%clk 0:00:35]} 40. Rxc4 {[%clk 0:33:37]} Rxc4 {[%clk
0:30:38]} 41. Bxc4 {[%clk 0:34:02]} Rc8 {[%clk 0:30:30]} 42. Bb3 {[%clk 0:33:35]}
Rc3 {[%clk 0:24:43]} 43. Ka4 {[%clk 0:30:41]} Bc6+ {[%clk 0:24:05]} 44. Ka3
{[%clk 0:30:55]} Bb7 {[%clk 0:23:48]} 45. Kb2 {[%clk 0:30:40]} Rc8 {[%clk
0:23:57]} 46. Rd4 {[%clk 0:29:04]} Rc7 {[%clk 0:21:20]} 47. Bc2 {[%clk 0:25:10]}
Ke5 {[%clk 0:18:56]} 48. Bd3 {[%clk 0:22:54]} Bc8 {[%clk 0:17:41]} 49. a4 {[%clk
0:21:56]} Rc6 {[%clk 0:10:17]} 50. b5 {[%clk 0:19:09]} axb5 {[%clk 0:10:32]} 51.
Bxb5 {[%clk 0:19:26]} Rb6 {[%clk 0:10:50]} 52. Kc3 {[%clk 0:18:55]} Rb7 {[%clk
0:10:59]} 53. Kb4 {[%clk 0:18:23]} Kd6 {[%clk 0:11:02]} 54. Rd3 {[%clk 0:15:30]}
Bd7 {[%clk 0:10:16]} 55. Ka5 {[%clk 0:14:00]} Bxb5 {[%clk 0:09:48]} 56. axb5
{[%clk 0:14:23]} Kc5 {[%clk 0:10:02]} 57. Rc3+ {[%clk 0:14:46]} Kd6 {[%clk
0:10:18]} 58. Rc6+ {[%clk 0:15:00]} Kd7 {[%clk 0:10:13]} 59. Ka6 {[%clk 0:14:59]}
Rb8 {[%clk 0:10:10]} 60. Rxg6 {[%clk 0:14:56]} Kc7 {[%clk 0:09:52]} 61. Rc6+
{[%clk 0:15:04]} Kd7 {[%clk 0:10:09]} 62. Rxh6 {[%clk 0:15:20]} Kc7 {[%clk
0:10:30]} 63. Rc6+ {[%clk 0:15:33]} Kd7 {[%clk 0:10:54]} 64. Rc3 {[%clk 0:15:06]}
Kd8 {[%clk 0:10:36]} 65. h5 {[%clk 0:14:32]} 1-0

[Event "Greek Team Championship"]
[Site "chess24.com"]
[Date "2017.07.07"]
[Round "6"]
[White "Chatzipanagiotou, Asimenia"]
[Black "Kartsidima, Aggeliki"]
[Result "0-1"]
[Board "7"]
[WhiteElo "1287"]
[WhiteCountry "GRE"]
[WhiteFideId "25800396"]
[WhiteEloChange "-12"]
[BlackElo "1224"]
[BlackCountry "GRE"]
[BlackFideId "25818031"]
[BlackEloChange "12"]

1. e4 {[%clk 1:30:55]} d6 {[%clk 1:30:38]} 2. d4 {[%clk 1:30:45]} c6 {[%clk
1:30:27]} 3. Nf3 {[%clk 1:29:34]} g6 {[%clk 1:30:05]} 4. Nc3 {[%clk 1:27:29]} Bg7
{[%clk 1:29:20]} 5. Be2 {[%clk 1:26:00]} Nf6 {[%clk 1:28:34]} 6. O-O {[%clk
1:24:32]} O-O {[%clk 1:27:45]} 7. Be3 {[%clk 1:22:06]} Nbd7 {[%clk 1:25:57]} 8.
h3 {[%clk 1:20:31]} Qc7 {[%clk 1:24:55]} 9. Qd2 {[%clk 1:17:40]} e5 {[%clk
1:20:06]} 10. dxe5 {[%clk 1:15:01]} Nxe5 {[%clk 1:19:32]} 11. Nxe5 {[%clk
1:13:12]} dxe5 {[%clk 1:19:34]} 12. Rad1 {[%clk 1:11:59]} Be6 {[%clk 1:16:54]}
13. Qd6 {[%clk 1:03:17]} Qxd6 {[%clk 1:13:57]} 14. Rxd6 {[%clk 1:03:31]} Nd7
{[%clk 1:11:11]} 15. Rfd1 {[%clk 1:01:03]} Nb6 {[%clk 1:09:45]} 16. b3 {[%clk
0:57:58]} Bf6 {[%clk 1:03:03]} 17. R6d3 {[%clk 0:53:42]} Rfd8 {[%clk 0:57:47]}
18. Bc5 {[%clk 0:46:25]} Rxd3 {[%clk 0:55:12]} 19. Rxd3 {[%clk 0:46:34]} Rd8
{[%clk 0:52:21]} 20. Rxd8+ {[%clk 0:43:19]} Bxd8 {[%clk 0:52:37]} 21. Be3 {[%clk
0:42:27]} a6 {[%clk 0:44:58]} 22. Bd3 {[%clk 0:37:53]} Nd7 {[%clk 0:40:46]} 23.
Ne2 {[%clk 0:33:23]} Bb6 {[%clk 0:36:54]} 24. Bxb6 {[%clk 0:28:41]} Nxb6 {[%clk
0:37:12]} 25. f4 {[%clk 0:27:49]} exf4 {[%clk 0:32:28]} 26. Nxf4 {[%clk 0:28:05]}
Bd7 {[%clk 0:28:19]} 27. Kf2 {[%clk 0:25:21]} Kf8 {[%clk 0:26:56]} 28. Ke3 {[%clk
0:24:08]} Ke7 {[%clk 0:24:58]} 29. Ne2 {[%clk 0:20:34]} Kd6 {[%clk 0:22:11]} 30.
c3 {[%clk 0:18:19]} Be6 {[%clk 0:21:13]} 31. Nd4 {[%clk 0:17:03]} Nd7 {[%clk
0:20:08]} 32. Nf3 {[%clk 0:14:41]} Ne5 {[%clk 0:19:56]} 33. Ng5 {[%clk 0:13:17]}
h6 {[%clk 0:19:42]} 34. Nxe6 {[%clk 0:13:00]} Kxe6 {[%clk 0:20:01]} 35. Be2
{[%clk 0:12:26]} c5 {[%clk 0:19:26]} 36. Kd2 {[%clk 0:10:52]} a5 {[%clk 0:19:22]}
37. Bb5 {[%clk 0:09:53]} g5 {[%clk 0:18:36]} 38. Be2 {[%clk 0:09:35]} f6 {[%clk
0:18:38]} 39. Ke3 {[%clk 0:09:19]} b6 {[%clk 0:18:49]} 40. Ba6 {[%clk 0:38:59]}
Kd6 {[%clk 0:47:31]} 41. g3 {[%clk 0:35:49]} Kc6 {[%clk 0:42:42]} 42. a4 {[%clk
0:33:03]} Kd6 {[%clk 0:42:08]} 43. Be2 {[%clk 0:29:56]} Kc6 {[%clk 0:41:37]} 44.
Bb5+ {[%clk 0:28:36]} Kd6 {[%clk 0:41:56]} 45. Be8 {[%clk 0:27:53]} Ke7 {[%clk
0:41:51]} 46. Bh5 {[%clk 0:27:33]} Kd7 {[%clk 0:41:22]} 47. Kd2 {[%clk 0:24:48]}
Kc6 {[%clk 0:41:33]} 48. Be2 {[%clk 0:24:10]} Kd6 {[%clk 0:41:41]} 49. Ke3 {[%clk
0:23:12]} Ke6 {[%clk 0:41:45]} 50. Bd1 {[%clk 0:22:05]} Kd6 {[%clk 0:41:48]} 51.
Bh5 {[%clk 0:21:10]} Kc6 {[%clk 0:42:06]} 52. Be2 {[%clk 0:20:56]} Kd6 {[%clk
0:42:29]} 53. Bh5 {[%clk 0:20:06]} Kc6 {[%clk 0:42:49]} 54. Be8+ {[%clk 0:20:19]}
Kd6 {[%clk 0:43:09]} 55. Ke2 {[%clk 0:19:21]} c4 {[%clk 0:41:56]} 56. bxc4 {[%clk
0:16:21]} Nxc4 {[%clk 0:42:15]} 57. Kd3 {[%clk 0:15:56]} Kc5 {[%clk 0:42:11]} 58.
Bb5 {[%clk 0:15:06]} Nd6 {[%clk 0:40:56]} 59. c4 {[%clk 0:14:06]} Nf7 {[%clk
0:40:18]} 60. Kc3 {[%clk 0:13:11]} Ne5 {[%clk 0:39:48]} 61. Ba6 {[%clk 0:12:54]}
Nf3 {[%clk 0:38:11]} 62. Bc8 {[%clk 0:11:49]} h5 {[%clk 0:36:51]} 63. Be6 {[%clk
0:10:31]} Nd4 {[%clk 0:36:42]} 64. Bd5 {[%clk 0:08:32]} Ne2+ {[%clk 0:36:16]} 65.
Kd3 {[%clk 0:08:06]} Nxg3 {[%clk 0:36:27]} 66. Be6 {[%clk 0:07:23]} h4 {[%clk
0:35:13]} 67. Kc3 {[%clk 0:07:18]} Nxe4+ {[%clk 0:35:24]} 68. Kd3 {[%clk
0:07:05]} Nd6 {[%clk 0:34:37]} 69. Kc3 {[%clk 0:06:52]} f5 {[%clk 0:34:47]} 70.
Bd5 {[%clk 0:06:53]} Ne4+ {[%clk 0:34:42]} 71. Kb3 {[%clk 0:06:29]} Kd4 {[%clk
0:34:25]} 72. Kc2 {[%clk 0:04:55]} Nf2 {[%clk 0:34:30]} 73. Be6 {[%clk 0:04:36]}
Nxh3 {[%clk 0:34:27]} 74. Bxf5 {[%clk 0:04:50]} Nf4 {[%clk 0:34:46]} 75. Kb3
{[%clk 0:04:28]} h3 {[%clk 0:35:09]} 76. Bg4 {[%clk 0:04:25]} h2 {[%clk 0:35:22]}
77. Bf3 {[%clk 0:04:44]} g4 {[%clk 0:35:43]} 78. Bh1 {[%clk 0:04:54]} g3 {[%clk
0:36:10]} 79. Bc6 {[%clk 0:05:04]} g2 {[%clk 0:36:34]} 80. Bxg2 {[%clk 0:05:24]}
Nxg2 {[%clk 0:36:57]} 81. Ka3 {[%clk 0:05:46]} h1Q {[%clk 0:37:16]} 0-1